| 000 | 00512nam a2200193Ia 4500 | ||
|---|---|---|---|
| 003 | ARRUPE | ||
| 005 | 20160203111801.0 | ||
| 008 | 130307s9999 xx 000 0 und d | ||
| 040 | _cARRUPELIB | ||
| 050 | _aSPC PZ3.Y8575CI 1939 | ||
| 100 |
_aYoung, Francis Brett _99771 |
||
| 245 | 4 |
_aThe City of Gold _c/ Francis Brett Young |
|
| 260 | _aBirmingham | ||
| 260 | _bC. Combridge LTD | ||
| 260 | _c1939 | ||
| 300 |
_a888p.; _c19cm. |
||
| 651 |
_aMidlands (England) _xFiction _921820 |
||
| 942 |
_2lcc _cMONOGRAPH |
||
| 999 |
_c84674 _d84674 |
||